|
|
|
|
| LEADER |
00000nam a2200000Ii 4500 |
| 001 |
DIGEDUV0075 |
| 003 |
NyNyDIG |
| 006 |
m o d |
| 007 |
cr ||||||||||| |
| 008 |
140401s2010 ag a ob 000 0 por d |
| 020 |
|
|
|a 9789871868827
|q (eBook)
|
| 020 |
|
|
|z 9789871727421
|
| 020 |
|
|
|z 9871727429
|
| 035 |
|
|
|a (OCoLC)881821168
|
| 040 |
|
|
|a DGITA
|b eng
|e pn
|c DGITA
|
| 050 |
1 |
4 |
|a B3258.H324 eBook
|
| 100 |
1 |
|
|a Trucco, Onelio.
|
| 245 |
1 |
0 |
|a Soberania Popular e Razão Política :
|b um confronto entre Habermas, Rawls e Taylor /
|c Onelio Trucco ; prólogo Nelson Boeira.
|
| 264 |
|
1 |
|a Villa María, Córdoba, Argentina :
|b Universidad Nacional de Villa María :
|b EDUVIM, Editorial Universitaria Villa María,
|c 2010.
|
| 300 |
|
|
|a 1 online resource (186 pages)
|
| 336 |
|
|
|a text
|b txt
|2 rdacontent
|
| 337 |
|
|
|a computer
|b c
|2 rdamedia
|
| 338 |
|
|
|a online resource
|b cr
|2 rdacarrier
|
| 490 |
1 |
|
|a Colección Poliedros ;
|v 13.
|
| 504 |
|
|
|a Includes bibliographical references (p. 179-182)
|
| 600 |
1 |
0 |
|a Habermas, Jürgen,
|d 1929-
|
| 600 |
1 |
0 |
|a Rawls, John,
|d 1921-2002.
|
| 600 |
1 |
0 |
|a Taylor, Charles,
|d 1931-
|
| 650 |
|
0 |
|a Critical theory.
|
| 650 |
|
0 |
|a Political science
|x Philosophy.
|
| 650 |
|
0 |
|a Critical theory.
|
| 655 |
|
0 |
|a Electronic books.
|
| 700 |
1 |
|
|a Boeira, Nelson Fernando.
|
| 791 |
2 |
|
|a Digitalia (Firm),
|e distributor.
|
| 830 |
|
0 |
|a Colección Poliedros ;
|v 13.
|
| 793 |
0 |
|
|g Digitalia eBook Collection:
|a Ediciones Eduvim
|
| 856 |
4 |
0 |
|3 Digitalia Hispánica
|u https://www.digitaliapublishing.com/a/14427/
|
| 910 |
|
|
|a Premium Collection: 2007-2012
|